书目信息 |
| 题名: |
离散数学
|
|
| 作者: | 邓辉文 编著 | |
| 分册: | ||
| 出版信息: | 北京 清华大学出版社 2006.10 |
|
| 页数: | 288页 | |
| 开本: | 26cm | |
| 丛书名: | ||
| 单 册: | ||
| 中图分类: | O158 | |
| 科图分类: | ||
| 主题词: | 离散数学--li san shu xue--高等学校--教材 | |
| 电子资源: | ||
| ISBN: | 978-7-302-13711-5 | |
| 000 | 00953nam0 2200241 450 | |
| 001 | 012007475203 | |
| 005 | 20140612152102.43 | |
| 010 | @a978-7-302-13711-5@dCNY25.00 | |
| 100 | @a20070820d2006 km y0chiy0120 ea | |
| 101 | 0 | @achi |
| 102 | @aCN@b110000 | |
| 105 | @aa a 000yy | |
| 200 | 1 | @a离散数学@Ali san shu xue@f邓辉文编著@Fdeng hui wen bian zhu |
| 210 | @a北京@c清华大学出版社@d2006.10 | |
| 215 | @a288页@c图@d26cm | |
| 300 | @a普通高校本科计算机专业特色教材精选·数理基础 | |
| 320 | @a有书目。 | |
| 330 | @a本书系统地阐述了离散数学的经典内容,全书共分8章,分别介绍集合、映射与运算,关系,命题逻辑,谓词逻辑,群、环和域,格与布尔代数,图论以及几类特殊的图.本书以集合、映射、运算和关系为主线,使全书内容联系紧密,具有较强的逻辑性.每节都有精选习题,书后有习题答案及提示。 | |
| 606 | 0 | @a离散数学@Ali san shu xue@x高等学校@j教材 |
| 690 | @aO158@v4 | |
| 701 | 0 | @a邓辉文@Adeng hui wen@4编著 |
| 801 | 0 | @aCN@c20110401 |
| 905 | @dO158@eD287 | |
| 离散数学/邓辉文编著.-北京:清华大学出版社,2006.10 |
| 288页:图;26cm |
| 普通高校本科计算机专业特色教材精选·数理基础 |
| ISBN 978-7-302-13711-5:CNY25.00 |
| 本书系统地阐述了离散数学的经典内容,全书共分8章,分别介绍集合、映射与运算,关系,命题逻辑,谓词逻辑,群、环和域,格与布尔代数,图论以及几类特殊的图.本书以集合、映射、运算和关系为主线,使全书内容联系紧密,具有较强的逻辑性.每节都有精选习题,书后有习题答案及提示。 |
| ● |
| 相关链接 |
|
|
|
正题名:离散数学
索取号:O158/D287
 
预约/预借
| 序号 | 登录号 | 条形码 | 馆藏地/架位号 | 状态 | 备注 |
| 1 | 261197 | 202611977 | 自科二线504/504自科库 47排5列6层/ [索取号:O158/D287] | 在馆 | |
| 2 | 261198 | 202611986 | 自科二线504/504自科库 47排6列1层/ [索取号:O158/D287] | 在馆 | |
| 3 | 261199 | 202611995 | 自科二线504/504自科库 47排6列1层/ [索取号:O158/D287] | 在馆 | |
| 4 | 465044 | 204650449 | 自科二线504/504自科库 47排5列6层/ [索取号:O158/D287] | 在馆 | |
| 5 | 465045 | 204650458 | 自科二线504/504自科库 47排5列6层/ [索取号:O158/D287] | 在馆 | |
| 6 | 471309 | 204713097 | 自科二线504/504自科库 47排6列1层/ [索取号:O158/D287] | 在馆 | |
| 7 | 471310 | 204713104 | 自科二线504/504自科库 47排6列1层/ [索取号:O158/D287] | 在馆 | |
| 8 | 471311 | 204713113 | 自科二线504/504自科库 47排6列1层/ [索取号:O158/D287] | 在馆 | |
| 9 | 471312 | 204713122 | 自科二线504/504自科库 47排6列1层/ [索取号:O158/D287] | 在馆 | |
| 10 | 471313 | 204713131 | 自科二线504/504自科库 47排6列1层/ [索取号:O158/D287] | 在馆 | |
| 11 | 471314 | 204713140 | 自科二线504/504自科库 47排6列1层/ [索取号:O158/D287] | 在馆 | |
| 12 | 471315 | 204713159 | 自科二线504/504自科库 47排6列1层/ [索取号:O158/D287] | 在馆 | |
| 13 | 471316 | 204713168 | 自科二线504/504自科库 47排6列1层/ [索取号:O158/D287] | 在馆 | |
| 14 | 471317 | 204713177 | 自科二线504/504自科库 47排5列6层/ [索取号:O158/D287] | 在馆 | |
| 15 | 471318 | 204713186 | 自科二线504/504自科库 47排6列1层/ [索取号:O158/D287] | 在馆 | |
| 16 | 475034 | 204750340 | 自科二线504/504自科库 47排5列6层/ [索取号:O158/D287] | 在馆 | |
| 17 | 488445 | 204884456 | 自科二线504/504自科库 21排2列6层/ [索取号:O158/D287] | 在馆 | |
| 18 | 488446 | 204884465 | 自科二线504/504自科库 21排2列6层/ [索取号:O158/D287] | 在馆 | |
| 19 | 488447 | 204884474 | 自科二线504/504自科库 21排2列6层/ [索取号:O158/D287] | 在馆 | |
| 20 | 488448 | 204884483 | 自科二线504/504自科库 21排2列6层/ [索取号:O158/D287] | 在馆 | |
| 21 | 488449 | 204884492 | 自科二线504/504自科库 21排2列6层/ [索取号:O158/D287] | 在馆 | |
| 22 | 488933 | 204889335 | 自科二线504/504自科库 21排2列2层/ [索取号:O158/D287] | 在馆 | |
| 23 | 490950 | 204909509 | 自科库401/401自科库 42排5列1层/ [索取号:O158/D287] | 在馆 | |
| 24 | 490951 | 204909518 | 自科库401/401自科库 42排5列1层/ [索取号:O158/D287] | 在馆 | |
| 25 | 490952 | 204909527 | 自科库401/401自科库 42排5列1层/ [索取号:O158/D287] | 在馆 | |
| 26 | 490953 | 204909536 | 自科库401/401自科库 42排5列1层/ [索取号:O158/D287] | 在馆 | |
| 27 | 490954 | 204909545 | 自科库401/401自科库 42排5列1层/ [索取号:O158/D287] | 在馆 | |
| 28 | 490955 | 204909554 | 自科库401/401自科库 42排5列1层/ [索取号:O158/D287] | 在馆 | |
| 29 | 490956 | 204909563 | 自科库401/401自科库 42排5列1层/ [索取号:O158/D287] | 在馆 | |
| 30 | 490957 | 204909572 | 自科二线504/504自科库 47排6列1层/ [索取号:O158/D287] | 在馆 | |
| 31 | 490958 | 204909581 | 自科库401/401自科库 42排5列1层/ [索取号:O158/D287] | 在馆 | |
| 32 | 493991 | 204939914 | 自科二线504/504自科库 47排6列1层/ [索取号:O158/D287] | 在馆 |